Catálogo

Viktor Frankl : (Registro nro. 28828)

Detalles MARC
000 -LEADER
fixed length control field 00980cam a2200289 i 4500
001 - CONTROL NUMBER
control field 28828
003 - CONTROL NUMBER IDENTIFIER
control field Mx-PuUPA
005 - DATE AND TIME OF LATEST TRANSACTION
control field 20220302080742.0
008 - FIXED-LENGTH DATA ELEMENTS--GENERAL INFORMATION
fixed length control field 140415s2014 mx gr 001 0 spa d
020 ## - INTERNATIONAL STANDARD BOOK NUMBER
International Standard Book Number 9786071720245
040 ## - CATALOGING SOURCE
Original cataloging agency Mx-PuUPA
Language of cataloging spa
Transcribing agency Mx-PuUPA
Modifying agency Mx-PuUPA
Description conventions rda
041 0# - LANGUAGE CODE
Language code of text/sound track or separate title spa
100 1# - MAIN ENTRY--PERSONAL NAME
Personal name Reyes García, Carmelo,
9 (RLIN) 9783
Relator term autor
245 10 - TITLE STATEMENT
Title Viktor Frankl :
Remainder of title libertad y responsabilidad /
Statement of responsibility, etc. Carmelo Reyes García
250 ## - EDITION STATEMENT
Edition statement Primera edición /
Remainder of edition statement agosto
264 #4 - PRODUCTION, PUBLICATION, DISTRIBUTION, MANUFACTURE, AND COPYRIGHT NOTICE
Place of production, publication, distribution, manufacture México, D.F. :
Name of producer, publisher, distributor, manufacturer Editorial Trillas,
Date of production, publication, distribution, manufacture, or copyright notice ©2014
300 ## - PHYSICAL DESCRIPTION
Extent 94 páginas ;
Dimensions 23 cm
336 ## - CONTENT TYPE
Content type term texto
Fuente rdacontent
Content type code txt
337 ## - MEDIA TYPE
Media type term sin medio
Source rdamedia
Media type code n
338 ## - CARRIER TYPE
Carrier type term volumen
Source rdacarrier
Carrier type code nc
600 14 - SUBJECT ADDED ENTRY--PERSONAL NAME
Personal name Frankl, Víctor E. (Victor Emil), 1905 - 1997
650 #4 - SUBJECT ADDED ENTRY--TOPICAL TERM
Topical term or geographic name entry element Antropología filosófica
942 ## - ADDED ENTRY ELEMENTS (KOHA)
Source of classification or shelving scheme Dewey Decimal Classification
Koha item type Libro
Classification part 128.3
Item part R456
Existencias
Withdrawn status Lost status Source of classification or shelving scheme Damaged status Not for loan Collection code Home library Current library Shelving location Date acquired Total Checkouts Full call number Barcode Date last seen Date last checked out Price effective from Koha item type Source of acquisition Cost, normal purchase price Cost, replacement price Copy number
    Dewey Decimal Classification     General Biblioteca Karol Wojtyla Biblioteca Karol Wojtyla Sala general 18/08/2021   128.3 R456 2014 99977 05/01/2026   18/08/2021 Libro 1 140.00 140.00  
    Dewey Decimal Classification     General Biblioteca Karol Wojtyla Biblioteca Karol Wojtyla Sala general 18/08/2021   128.3 R456 2014 99978 05/01/2026   18/08/2021 Libro 1 140.00 140.00 Ej.2
    Dewey Decimal Classification     General Tehuacán Tehuacán Sala general 16/08/2019 1 128.3 R456 2014 968000000248 08/01/2025 25/01/2020 16/08/2019 Libro